000 00868cam a22001815a 4500
001 L150306
008 100624e20100619xxk 000 0 eng d
035 _a(Sirsi) u150306
041 0 _aeng
245 0 0 _aPhillips and another v Francis and another
260 _c2010
490 _aEstates Gazette
_v[2010] 24 EG 118-122(5)
520 _a24 March 2010. Concerned with whether the High Court has concurrent jurisdiction with Leasehold Valuation Tribunal (LVT) to determine service charge disputes and whether a holiday chalet is a dwelling to which service charge provisions of the Landlord and Tenant Act 1985 s18 to 30 applied. "Held" LVT had concurrent jurisdiction and s18 to 30 of the 1985 applied to holiday chalets.
590 _aKA
651 4 _aENGLAND AND WALES
690 _aPROPERTY-RESIDENTIAL PROPERTY-RESIDENTIAL PROPERTY MANAGEMENT
942 _n0
999 _c82452
_d82452